000 00993cam a2200265 a 4500
001 31994
003 BD-RjUL
005 20211209051757.0
008 140423r19671934enkaf b 001 0 eng d
035 _a(BD-RjUL)32083
040 _aWLB
_beng
_cWLB
_dBD-RjUL
041 _aeng
082 0 4 _a294.3923
_219
_bWAB 1967
100 1 _aWaddell, L. A.
_q(Laurence Austine),
_d1854-1938.
_997398
245 1 4 _aThe Buddhism of Tibet, or, Lamaism :
_bwith its mystic cults, symbolism and mythology, and its relation to Indian Buddhism /
_cby L. Austine Waddell.
250 _a2nd ed.
260 _aCambridge [Cambridgeshire] :
_bW. Heffer,
_c1934 [Reprinted 1967].
300 _axlviii, 598 p., [7] folded leaves of plates :
_bill. ;
_c23 cm.
504 _aBibliography: p. 578-583.
504 _aIncludes index.
650 0 _aBuddhism
_zChina
_zTibet Autonomous Region.
_997399
650 0 _aDge-lugs-pa (Sect)
_997400
651 0 _aTibet Autonomous Region (China)
_xReligion.
_997401
942 _2ddc
_cBK
999 _c31994
_d31994